[Event "Koge Bugt Forar 2011"]
[Site "Solrod Skole"]
[Date "2011.03.30"]
[Round "1.1"]
[White "Christensen, Verner"]
[Black "Borup, Johnny"]
[Result "0-1"]
[WhiteElo "1949"]
[BlackElo "1678"]
[PlyCount "66"]
[EventDate "2011.??.??"]
[WhiteTeam "Solrød Skakklub"]
[BlackTeam "Brøndbyernes Skakklub"]

1. e4 e6 2. d4 c5 3. Nf3 cxd4 4. c3 dxc3 5. Nxc3 a6 6. Bc4 Be7 7. O-O b5 8. Bb3
Bb7 9. Qe2 Nc6 10. Rd1 d6 11. Bf4 Qc7 12. Rac1 Rd8 13. Bg3 Qb6 14. Rd2 Na5 15.
Rcd1 Nxb3 16. axb3 e5 17. Nh4 g6 18. Kh1 Bg5 19. Rd3 Ne7 20. Bxe5 O-O 21. Bg3
b4 22. Nd5 Nxd5 23. exd5 a5 24. Qg4 Bf6 25. Rf3 Bc8 26. Qe4 Rde8 27. Qf4 Be5
28. Qg5 Bxg3 29. hxg3 Re5 30. Qf6 Bg4 31. Rf4 Bxd1 32. Nf5 Rxf5 33. Rxf5 Qd8
0-1

[Event "Koge Bugt Forar 2011"]
[Site "Solrod Skole"]
[Date "2011.03.30"]
[Round "1.2"]
[White "Nielsen, Kai Gylling"]
[Black "Krogh, Peter Ove"]
[Result "1-0"]
[WhiteElo "1881"]
[BlackElo "1903"]
[PlyCount "119"]
[EventDate "2011.??.??"]
[WhiteTeam "Roskilde Skakklub"]
[BlackTeam "Køge Skakklub"]

1. d4 Nf6 2. c4 e6 3. Nf3 b6 4. Nc3 Bb4 5. g3 Ba6 6. e3 O-O 7. Bd2 d5 8. b3
Nbd7 9. a3 Be7 10. Be2 c5 11. O-O Rc8 12. cxd5 Bxe2 13. Qxe2 exd5 14. Rfc1 Ne4
15. Nxd5 Bd6 16. Nc3 f5 17. Nb5 Bb8 18. dxc5 Ndxc5 19. Nbd4 Qd5 20. Qc4 Qxc4
21. Rxc4 g5 22. Bb4 f4 23. Bxc5 bxc5 24. Ne6 Nd6 25. Rc2 fxg3 26. Nxf8 Rxf8 27.
Nxg5 Rf5 28. f4 h6 29. Nf3 gxh2+ 30. Rxh2 Nf7 31. Rc1 Bd6 32. Rg2+ Kh7 33. Kf2
Rd5 34. Rcg1 Bf8 35. Rg8 Rd8 36. e4 Nd6 37. Ke3 c4 38. Nd4 Re8 39. e5 cxb3 40.
Nxb3 Nf5+ 41. Ke4 Ng7 42. Rxf8 Rxf8 43. Rd1 Rf7 44. Nc5 Rc7 45. Rd5 Kg6 46. e6
Kf6 47. f5 h5 48. Kf4 h4 49. Ne4+ Ke7 50. Ke5 Ne8 51. f6+ Kf8 52. Rd8 h3 53. f7
Re7 54. fxe8=Q+ Rxe8 55. Rd3 Rb8 56. Rxh3 Rb5+ 57. Kf6 Kg8 58. Rg3+ Kh7 59. e7
Rb8 60. Kf7 1-0

[Event "Koge Bugt Forar 2011"]
[Site "Solrod Skole"]
[Date "2011.03.30"]
[Round "1.3"]
[White "Ambirk, Jan Robert"]
[Black "Hald, Morten Hansen"]
[Result "0-1"]
[WhiteElo "1826"]
[BlackElo "1651"]
[PlyCount "54"]
[EventDate "2011.??.??"]
[WhiteTeam "Vordingborg Skakklub"]
[BlackTeam "Køge Skakklub"]

1. e4 e5 2. Nf3 Nc6 3. Bc4 Nf6 4. Ng5 d5 5. exd5 b5 6. Bb3 Nd4 7. c3 Nxb3 8.
Qxb3 Qxd5 9. Qxd5 Nxd5 10. O-O f5 11. Re1 Bd6 12. d4 e4 13. f3 O-O 14. fxe4
fxe4 15. Nxe4 Bf4 16. Bxf4 Nxf4 17. Nc5 Bg4 18. Nd2 Rf6 19. Nde4 Rg6 20. Ng3 h5
21. Re4 Rf8 22. Rae1 h4 23. Nf1 Bf3 24. Ne3 Nh3+ 25. Kh1 Nf2+ 26. Kg1 Nxe4 27.
Nd5 Rxg2+ 0-1

[Event "Koge Bugt Forar 2011"]
[Site "Solrod Skole"]
[Date "2011.03.30"]
[Round "1.4"]
[White "Refsgaard, Kaj"]
[Black "Kristensen, Benny"]
[Result "0-1"]
[WhiteElo "1738"]
[BlackElo "1631"]
[PlyCount "50"]
[EventDate "2011.??.??"]
[WhiteTeam "Jernbanens Skakklub"]
[BlackTeam "Skovbo Skakklub"]

1. Nf3 e6 2. d4 f5 3. Nbd2 Nf6 4. e3 d5 5. c4 c6 6. cxd5 exd5 7. Be2 Bd6 8. Qc2
O-O 9. Ne5 Ne4 10. f4 Qh4+ 11. g3 Nxg3 12. Ndf3 Qh6 13. Rg1 Ne4 14. Bd2 Nd7 15.
O-O-O Nxe5 16. fxe5 Be7 17. Rg2 Qe6 18. Rdg1 g6 19. Be1 Kh8 20. Bd3 Bd7 21. Bh4
Bxh4 22. Nxh4 Be8 23. Nf3 Bf7 24. Bxe4 dxe4 25. b3 exf3 0-1

[Event "Koge Bugt Forar 2011"]
[Site "Solrod Skole"]
[Date "2011.03.30"]
[Round "1.5"]
[White "Forsmann, Henning"]
[Black "Orup, Kim Amdi"]
[Result "1-0"]
[WhiteElo "1761"]
[BlackElo "1821"]
[PlyCount "63"]
[EventDate "2011.??.??"]
[WhiteTeam "Solrød Skakklub"]
[BlackTeam "Køge Skakklub"]

1. d4 f5 2. c4 Nf6 3. Nf3 d6 4. g3 e6 5. Bg2 Be7 6. O-O Nbd7 7. Qc2 Nf8 8. Nc3
Bd7 9. Nd2 h6 10. Bxb7 Rb8 11. Bg2 g5 12. e4 Kf7 13. exf5 exf5 14. d5 h5 15.
Nf3 N6h7 16. Nd4 Qc8 17. Nc6 Bxc6 18. dxc6 Kg6 19. Be3 a6 20. Nd5 Bf6 21. Nxf6
Nxf6 22. Bd4 Rh7 23. Rae1 h4 24. h3 Qd8 25. g4 Qc8 26. f4 Rf7 27. fxg5 N6h7 28.
gxf5+ Rxf5 29. Rxf5 Nf6 30. Bxf6 Ne6 31. Rf4+ Kf7 32. Qh7+ 1-0

[Event "Koge Bugt Forar 2011"]
[Site "Solrod Skole"]
[Date "2011.03.30"]
[Round "1.6"]
[White "Jørgensen, Leif"]
[Black "Larsen, Paul M"]
[Result "1/2-1/2"]
[WhiteElo "1700"]
[BlackElo "1629"]
[PlyCount "90"]
[EventDate "2011.??.??"]
[WhiteTeam "Solrød Skakklub"]
[BlackTeam "Haslev Skakklub"]

1. e4 c6 2. d4 d5 3. Nc3 dxe4 4. Nxe4 Nf6 5. Nxf6+ gxf6 6. Nf3 Bf5 7. c3 e6 8.
Bd3 Bxd3 9. Qxd3 Bd6 10. Be3 Qc7 11. O-O-O Nd7 12. g3 O-O-O 13. Qc2 Kb8 14. Rd3
e5 15. Nh4 Qa5 16. Kb1 e4 17. Rd2 Rde8 18. Rhd1 Nb6 19. Qb3 Qd5 20. Qxd5 cxd5
21. Nf5 Bc7 22. b3 Rhg8 23. Rc2 Nc8 24. Rdc1 Nd6 25. Nxd6 Bxd6 26. Rf1 Re6 27.
c4 Rc8 28. cxd5 Rxc2 29. dxe6 Rc7 30. exf7 Rxf7 31. Rc1 Rc7 32. Rxc7 Kxc7 33.
Kc2 b5 34. Kd2 Bb4+ 35. Ke2 a5 36. f3 f5 37. Bf4+ Kc6 38. fxe4 fxe4 39. Ke3 Kd5
40. g4 Be7 41. Be5 Bg5+ 42. Ke2 Be7 43. h3 Bg5 44. Bg7 Be7 45. Ke3 Bg5+ 1/2-1/2

[Event "Koge Bugt Forar 2011"]
[Site "Solrod Skole"]
[Date "2011.03.30"]
[Round "1.7"]
[White "Krag-Jacobsen, Alan"]
[Black "Trærup, Jørgen"]
[Result "1-0"]
[WhiteElo "1786"]
[BlackElo "1725"]
[PlyCount "71"]
[EventDate "2011.??.??"]
[WhiteTeam "Solrød Skakklub"]
[BlackTeam "BMS Skak"]

1. e4 e5 2. Nf3 Nc6 3. Bb5 Nd4 4. Nxd4 exd4 5. O-O c6 6. Bc4 Nf6 7. d3 d6 8.
Bg5 Be7 9. Nd2 O-O 10. h3 h6 11. Bh4 Nh7 12. Bg3 Ng5 13. Kh2 d5 14. exd5 cxd5
15. Bb3 Be6 16. f4 Nh7 17. Nf3 Bf6 18. Qd2 a5 19. Rae1 a4 20. Bxa4 Rxa4 21. a3
Qb6 22. Qc1 Raa8 23. Bf2 Rac8 24. g4 Qc7 25. Re2 g5 26. Bg3 Qd8 27. f5 Bd7 28.
Rfe1 Bb5 29. Qd2 Re8 30. Qb4 Rxe2+ 31. Rxe2 Bc6 32. Nxd4 Qd7 33. Nf3 Re8 34.
Ne5 Bxe5 35. Rxe5 Nf6 36. Qe1 1-0

[Event "Koge Bugt Forar 2011"]
[Site "Solrod Skole"]
[Date "2011.03.30"]
[Round "1.8"]
[White "Jensen, Tom B"]
[Black "Nielsen, Steen"]
[Result "0-1"]
[WhiteElo "1278"]
[BlackElo "1443"]
[PlyCount "108"]
[EventDate "2011.??.??"]
[WhiteTeam "Tåstrup Skakforening"]
[BlackTeam "Solrød Skakklub"]

1. e4 c5 2. d3 Nc6 3. Nc3 e6 4. f4 d6 5. Nf3 Qc7 6. g3 Nf6 7. Bg2 a6 8. O-O Be7
9. Kh1 b5 10. b3 O-O 11. Bb2 d5 12. Qe1 d4 13. Nd1 e5 14. Bc1 Bg4 15. f5 c4 16.
Nf2 Nb4 17. Qe2 cxd3 18. cxd3 Rac8 19. h3 Bxf3 20. Bxf3 Qc2 21. Qd1 Nxa2 22.
Bg5 Rc3 23. Qxc2 Rxc2 24. Bd1 Rb2 25. Bc1 Nxc1 26. Rxc1 Ra8 27. Rc6 Kf8 28. g4
Nd7 29. Kg1 Nc5 30. g5 Nxb3 31. f6 Bb4 32. fxg7+ Kxg7 33. Ng4 Nd2 34. Rxf7+
Kxf7 35. Nxe5+ Ke7 36. Bg4 Rf8 37. Bf5 Rb1+ 38. Kg2 Nf1 39. Re6+ Kd8 40. Nc6+
Kc7 41. Nxb4 Ne3+ 42. Kh2 Rb2+ 43. Kg1 Rxb4 44. Bxh7 Rf1+ 45. Kh2 Rb2+ 46. Kg3
Rg2+ 47. Kh4 Nf5+ 48. Bxf5 b4 49. Rxa6 b3 50. Ra4 b2 51. Rc4+ Kb6 52. Rxd4 b1=Q
53. Rd6+ Kc7 54. Rd7+ Kc6 0-1

[Event "Koge Bugt Forar 2011"]
[Site "Solrod Skole"]
[Date "2011.03.30"]
[Round "1.9"]
[White "Sørensen, Aron Frank"]
[Black "Nielsen, Michael"]
[Result "1/2-1/2"]
[WhiteElo "1435"]
[BlackElo "1175"]
[PlyCount "133"]
[EventDate "2011.??.??"]
[WhiteTeam "Solrød Skakklub"]
[BlackTeam "Sjælsø Skakklub"]

1. d4 d5 2. Bf4 Nf6 3. Nf3 e6 4. e3 c5 5. c3 Nc6 6. Nbd2 c4 7. Ne5 Bd6 8. Be2
Qc7 9. Ndf3 h6 10. h4 b5 11. Nxc6 Bxf4 12. Nfe5 Bxe5 13. Nxe5 Nd7 14. f4 Nxe5
15. fxe5 f6 16. Bh5+ Kd8 17. Rf1 fxe5 18. Qg4 exd4 19. Rf7 Qe5 20. Qxd4 Qxd4
21. exd4 g5 22. O-O-O gxh4 23. Rdf1 Bd7 24. Rg7 Be8 25. Bxe8 Rxe8 26. Rff7 a5
27. Rd7+ Kc8 28. Kd2 Ra6 29. Rc7+ Kb8 30. Rb7+ Ka8 31. Rxb5 Rb8 32. Rxb8+ Kxb8
33. Rg6 Rb6 34. Kc2 Rb7 35. Rxe6 Rg7 36. Re2 Rg3 37. b3 h3 38. gxh3 Rxh3 39.
bxc4 dxc4 40. d5 Kc7 41. Rd2 Kd6 42. Rd4 Rd3 43. Rxc4 Rxd5 44. Rh4 h5 45. Kb3
Ke6 46. Kc4 Kd6 47. Re4 Re5 48. Rd4+ Ke6 49. a4 Kf6 50. Kd3 Kg5 51. c4 h4 52.
Rd8 Kg4 53. Rg8+ Kf4 54. Rf8+ Kg3 55. Rg8+ Kf2 56. Rf8+ Kg2 57. Rg8+ Kh2 58.
Kd4 Rh5 59. c5 Rf5 60. c6 Rf1 61. Kc5 Rc1+ 62. Kb6 Rb1+ 63. Kxa5 Rc1 64. Kb6
Rb1+ 65. Kc7 Ra1 66. Kc8 Rxa4 67. c7 1/2-1/2

[Event "Koge Bugt Forar 2011"]
[Site "Solrod Skole"]
[Date "2011.04.06"]
[Round "2.1"]
[White "Borup, Johnny"]
[Black "Nielsen, Kai Gylling"]
[Result "0-1"]
[WhiteElo "1678"]
[BlackElo "1881"]
[PlyCount "144"]
[EventDate "2011.??.??"]
[WhiteTeam "Brøndbyernes Skakklub"]
[BlackTeam "Roskilde Skakklub"]

1. e4 c5 2. Nf3 Nc6 3. c3 e5 4. d4 exd4 5. cxd4 cxd4 6. Nxd4 Bc5 7. Nf5 Qf6 8.
Qd5 d6 9. Bb5 Bd7 10. O-O a6 11. Ba4 g6 12. Ne3 Nge7 13. Qd1 O-O 14. Nc3 b5 15.
Bb3 Rac8 16. Ned5 Qg7 17. Qf3 b4 18. Nf6+ Kh8 19. Nxd7 bxc3 20. bxc3 Ne5 21.
Qh3 Nxd7 22. Bh6 Qf6 23. Qxd7 Rfd8 24. Qg4 Qxc3 25. Bxf7 Ng8 26. Bg5 Rf8 27.
Rac1 Qe5 28. Bc4 a5 29. Bxg8 Kxg8 30. Bd2 Rce8 31. Rce1 a4 32. Qh3 a3 33. Bc3
Qf4 34. Qd7 Qf7 35. Qxf7+ Rxf7 36. Re2 Rf4 37. e5 dxe5 38. Rxe5 Rxe5 39. Bxe5
Re4 40. Bc3 Re2 41. g4 Rxa2 42. Kg2 Rc2 43. Be5 Kf7 44. Kg3 Ke6 45. f4 g5 46.
Bh8 gxf4+ 47. Kxf4 Rxh2 48. Rd1 Bd6+ 49. Kg5 Re2 50. Kh6 Rh2+ 51. Kg5 Be7+ 52.
Kf4 Bf6 53. Bxf6 Kxf6 54. Rd6+ Ke7 55. Ra6 a2 56. Kg5 Kd7 57. Ra7+ Kc6 58. Kf6
Kb6 59. Ra8 Kb5 60. g5 Kb4 61. Kg7 Kb3 62. Rb8+ Kc2 63. Ra8 Kb1 64. Rb8+ Rb2
65. Rxb2+ Kxb2 66. Kxh7 a1=Q 67. g6 Qh1+ 68. Kg8 Qd5+ 69. Kh7 Qh5+ 70. Kg7 Kc3
71. Kf6 Qf3+ 72. Ke6 Qf8 0-1

[Event "Koge Bugt Forar 2011"]
[Site "Solrod Skole"]
[Date "2011.04.06"]
[Round "2.3"]
[White "Krogh, Peter Ove"]
[Black "Forsmann, Henning"]
[Result "1-0"]
[WhiteElo "1903"]
[BlackElo "1761"]
[PlyCount "29"]
[EventDate "2011.??.??"]
[WhiteTeam "Køge Skakklub"]
[BlackTeam "Solrød Skakklub"]

1. c4 Nf6 2. Nc3 e6 3. e4 d5 4. e5 d4 5. exf6 dxc3 6. bxc3 Qxf6 7. Nf3 Nc6 8.
d4 b6 9. Bd3 h6 10. Be4 Bb7 11. Qa4 O-O-O 12. Bxc6 Bxc6 13. Qxc6 Kb8 14. Ne5
Qe7 15. Qf3 1-0

[Event "Koge Bugt Forar 2011"]
[Site "Solrod Skole"]
[Date "2011.04.06"]
[Round "2.4"]
[White "Krag-Jacobsen, Alan"]
[Black "Ambirk, Jan Robert"]
[Result "0-1"]
[WhiteElo "1786"]
[BlackElo "1826"]
[PlyCount "58"]
[EventDate "2011.??.??"]
[WhiteTeam "Solrød Skakklub"]
[BlackTeam "Vordingborg Skakklub"]

1. e4 e5 2. Nf3 Nc6 3. Bb5 a6 4. Ba4 Nf6 5. O-O Be7 6. Re1 b5 7. Bb3 O-O 8. c3
d5 9. exd5 Nxd5 10. Nxe5 Nxe5 11. Rxe5 c6 12. d4 Bd6 13. Re1 Qh4 14. g3 Qh3 15.
Qf3 Bg4 16. Qg2 Qh5 17. Nd2 Rae8 18. Rxe8 Rxe8 19. f3 Re1+ 20. Nf1 Bh3 21. Qf2
Rxf1+ 22. Qxf1 Bxf1 23. Kxf1 Qxh2 24. Bxd5 Bxg3 25. Be3 cxd5 26. Rc1 Qh1+ 27.
Ke2 Qg2+ 28. Kd3 Qxf3 29. Kd2 f5 0-1

[Event "Koge Bugt Forar 2011"]
[Site "Solrod Skole"]
[Date "2011.04.06"]
[Round "2.5"]
[White "Larsen, Paul M"]
[Black "Refsgaard, Kaj"]
[Result "0-1"]
[WhiteElo "1629"]
[BlackElo "1738"]
[PlyCount "54"]
[EventDate "2011.??.??"]
[WhiteTeam "Haslev Skakklub"]
[BlackTeam "Jernbanens Skakklub"]

1. Nf3 c5 2. c4 g6 3. Nc3 Bg7 4. d4 cxd4 5. Nxd4 Nc6 6. e3 Nf6 7. a3 O-O 8. Bd3
Qb6 9. Nxc6 dxc6 10. Qc2 Bg4 11. O-O Rad8 12. b4 Rd7 13. f3 Be6 14. c5 Qc7 15.
Bb2 Rfd8 16. Rad1 Nh5 17. Na4 Bxb2 18. Nxb2 Qe5 19. Rfe1 Bd5 20. Nc4 Qe6 21. e4
Bxc4 22. Bxc4 Qf6 23. e5 Qg5 24. Rxd7 Rxd7 25. e6 Rd2 26. exf7+ Kf8 27. Rd1
Qxg2# 0-1

[Event "Koge Bugt Forar 2011"]
[Site "Solrod Skole"]
[Date "2011.04.06"]
[Round "2.6"]
[White "Nielsen, Steen"]
[Black "Jørgensen, Leif"]
[Result "1/2-1/2"]
[WhiteElo "1443"]
[BlackElo "1700"]
[PlyCount "135"]
[EventDate "2011.??.??"]
[WhiteTeam "Solrød Skakklub"]
[BlackTeam "Solrød Skakklub"]

1. d4 Nf6 2. c4 e6 3. Nf3 d5 4. Nc3 c6 5. e3 Bb4 6. a3 Be7 7. Be2 O-O 8. b4
Nbd7 9. O-O b6 10. c5 b5 11. a4 bxa4 12. Rxa4 Qc7 13. Qc2 e5 14. Re1 e4 15. Nd2
h5 16. b5 Ng4 17. Bxg4 hxg4 18. bxc6 Qxc6 19. Qa2 Bb7 20. Nf1 g6 21. Bd2 Kg7
22. Ra1 Rh8 23. Qb3 a6 24. Na2 Bxc5 25. dxc5 Nxc5 26. Qc3+ f6 27. Ra5 Rac8 28.
Rc1 Nd3 29. Qxc6 Rxc6 30. Rxc6 Bxc6 31. Rxa6 Bb5 32. Ra7+ Kh6 33. Nb4 Nxb4 34.
Bxb4 Rc8 35. Ra1 f5 36. Bd6 Rd8 37. Be5 Re8 38. Bd4 Rc8 39. Nd2 Rc2 40. Nb3 g5
41. Ra5 Bc4 42. g3 Bxb3 43. Ra6+ Kh7 44. Rf6 Rc1+ 45. Kg2 Bd1 46. f4 gxf3+ 47.
Kf2 Rc2+ 48. Kg1 Rg2+ 49. Kh1 Re2 50. Kg1 Rg2+ 51. Kh1 Be2 52. Rxf5 Rf2 53. h4
Rf1+ 54. Kh2 Rf2+ 55. Kh1 gxh4 56. gxh4 Rf1+ 57. Kh2 Kg6 58. Rxd5 f2 59. Kg2
Rd1 60. Kxf2 Bf3 61. Kg3 Rg1+ 62. Kf4 Rg4+ 63. Ke5 Rxh4 64. Rd8 Rh5+ 65. Kf4
Rf5+ 66. Kg3 Rg5+ 67. Kf4 Rf5+ 68. Kg3 1/2-1/2

[Event "Koge Bugt Forar 2011"]
[Site "Solrod Skole"]
[Date "2011.04.06"]
[Round "2.7"]
[White "Orup, Kim Amdi"]
[Black "Trærup, Jørgen"]
[Result "1-0"]
[WhiteElo "1821"]
[BlackElo "1725"]
[PlyCount "47"]
[EventDate "2011.??.??"]
[WhiteTeam "Køge Skakklub"]
[BlackTeam "BMS Skak"]

1. e4 e5 2. Bc4 Nf6 3. Nc3 Be7 4. d3 O-O 5. Nf3 d6 6. h3 Nc6 7. Ne2 a6 8. a3
Bd7 9. Be3 Qc8 10. Nh2 Be6 11. Bxe6 Qxe6 12. g4 Kh8 13. Ng3 Ng8 14. Nf5 h6 15.
Qd2 g5 16. Nf3 Kh7 17. h4 f6 18. hxg5 fxg5 19. Bxg5 Qg6 20. Bxh6 Rxf5 21. Bf8+
Nh6 22. Rxh6+ Qxh6 23. Qxh6+ Kg8 24. Qg7# 1-0

[Event "Koge Bugt Forar 2011"]
[Site "Solrod Skole"]
[Date "2011.04.13"]
[Round "3.1"]
[White "Kristensen, Benny"]
[Black "Nielsen, Kai Gylling"]
[Result "0-1"]
[WhiteElo "1631"]
[BlackElo "1881"]
[PlyCount "90"]
[EventDate "2011.??.??"]
[WhiteTeam "Skovbo Skakklub"]
[BlackTeam "Roskilde Skakklub"]

1. e4 c5 2. d4 cxd4 3. c3 dxc3 4. Nxc3 d6 5. Nf3 e6 6. Bc4 Be7 7. O-O a6 8. Qe2
b5 9. Bd3 Bb7 10. a3 Nf6 11. Rd1 e5 12. Nxe5 O-O 13. Bc2 Qc7 14. Nf3 Nc6 15.
Qd3 Ne5 16. Nxe5 dxe5 17. Nd5 Bxd5 18. exd5 Bd6 19. h3 Rac8 20. Bb3 h6 21. Be3
Qb7 22. Qf5 Qd7 23. Qxd7 Nxd7 24. Rac1 f5 25. Rc6 Bb8 26. Rdc1 Rce8 27. Rxa6 f4
28. Bd2 e4 29. Bc3 Nc5 30. Rg6 Rf7 31. Ba2 Kh7 32. Rb6 Nd3 33. Rd1 Ba7 34. Rxb5
Nxf2 35. Rd4 Bxd4 36. Bxd4 e3 37. d6 Rd7 38. Bb1+ Kh8 39. Bg6 Rc8 40. Rc5 Rcd8
41. Rc7 Kg8 42. Bf5 Rxd6 43. Rxg7+ Kf8 44. Bc3 Rd1+ 45. Kh2 Rh1# 0-1

[Event "Koge Bugt Forar 2011"]
[Site "Solrod Skole"]
[Date "2011.04.13"]
[Round "3.2"]
[White "Refsgaard, Kaj"]
[Black "Krogh, Peter Ove"]
[Result "0-1"]
[WhiteElo "1738"]
[BlackElo "1903"]
[PlyCount "42"]
[EventDate "2011.??.??"]
[WhiteTeam "Jernbanens Skakklub"]
[BlackTeam "Køge Skakklub"]

1. Nf3 Nf6 2. g3 d5 3. Bg2 Bf5 4. d3 e6 5. O-O Be7 6. Nbd2 O-O 7. c4 c6 8. cxd5
exd5 9. Nb3 h6 10. Nbd4 Bh7 11. Qb3 c5 12. Qxb7 cxd4 13. Qxa8 Qb6 14. Ne5 Bd6
15. f4 Bxe5 16. fxe5 Nbd7 17. Qxf8+ Kxf8 18. exf6 Nxf6 19. b3 Qe6 20. Ba3+ Kg8
21. Bf3 Bf5 0-1

[Event "Koge Bugt Forar 2011"]
[Site "Solrod Skole"]
[Date "2011.04.13"]
[Round "3.3"]
[White "Ambirk, Jan Robert"]
[Black "Orup, Kim Amdi"]
[Result "0-1"]
[WhiteElo "1826"]
[BlackElo "1821"]
[PlyCount "30"]
[EventDate "2011.??.??"]
[WhiteTeam "Vordingborg Skakklub"]
[BlackTeam "Køge Skakklub"]

1. e4 e5 2. Nf3 d6 3. d4 Bg4 4. dxe5 Bxf3 5. Qxf3 dxe5 6. Bc4 Qf6 7. Qb3 b6 8.
Bg5 Qg6 9. Qb5+ Nd7 10. Bd5 Qxg5 11. Bxa8 Qc1+ 12. Ke2 Qxh1 13. Bc6 Ngf6 14.
Qxe5+ Kd8 15. Nc3 Nxe5 0-1

[Event "Koge Bugt Forar 2011"]
[Site "Solrod Skole"]
[Date "2011.04.13"]
[Round "3.4"]
[White "Jørgensen, Leif"]
[Black "Borup, Johnny"]
[Result "0-1"]
[WhiteElo "1700"]
[BlackElo "1678"]
[PlyCount "44"]
[EventDate "2011.??.??"]
[WhiteTeam "Solrød Skakklub"]
[BlackTeam "Brøndbyernes Skakklub"]

1. g4 e5 2. Bg2 d5 3. e3 Nc6 4. h3 Nf6 5. Nc3 h6 6. Nge2 Be6 7. d4 Bb4 8. Bd2
Qe7 9. a3 exd4 10. axb4 dxc3 11. bxc3 O-O 12. Nd4 Ne5 13. Nxe6 Qxe6 14. O-O Nc4
15. Bc1 c6 16. Re1 Ne4 17. Bxe4 Qxe4 18. f3 Qe5 19. Bd2 Qg3+ 20. Kf1 Qxh3+ 21.
Ke2 Qg2+ 22. Kd3 Nb2+ 0-1

[Event "Koge Bugt Forar 2011"]
[Site "Solrod Skole"]
[Date "2011.04.13"]
[Round "3.5"]
[White "Hald, Morten Hansen"]
[Black "Krag-Jacobsen, Alan"]
[Result "1-0"]
[WhiteElo "1651"]
[BlackElo "1786"]
[PlyCount "75"]
[EventDate "2011.??.??"]
[WhiteTeam "Køge Skakklub"]
[BlackTeam "Solrød Skakklub"]

1. d4 d5 2. Nf3 Nc6 3. Bf4 Bf5 4. e3 e6 5. a3 a6 6. c4 Nf6 7. Qb3 Rb8 8. Nbd2
Be7 9. Be2 O-O 10. Nh4 Bg4 11. f3 Bh5 12. g4 Bg6 13. Bg5 h6 14. Nxg6 fxg6 15.
Bf4 g5 16. Bg3 Bd6 17. Bf2 Qd7 18. cxd5 exd5 19. h4 gxh4 20. Rxh4 Be7 21. Rh3
Nh7 22. O-O-O Bf6 23. e4 Nxd4 24. Bxd4 Bxd4 25. exd5 Kh8 26. Ne4 Bb6 27. Qd3
Rbd8 28. Qc3 Qe7 29. Rxh6 Kg8 30. Re6 Qf7 31. g5 Qf4+ 32. Kb1 Nxg5 33. Rg6 Rd7
34. Rxg5 Rdf7 35. d6 cxd6 36. Rxd6 Bd8 37. Rg4 Qh2 38. Bc4 1-0

[Event "Koge Bugt Forar 2011"]
[Site "Solrod Skole"]
[Date "2011.04.13"]
[Round "3.6"]
[White "Wieland, Carsten"]
[Black "Jensen, Tom B"]
[Result "0-1"]
[WhiteElo "1543"]
[BlackElo "1278"]
[PlyCount "84"]
[EventDate "2011.??.??"]
[WhiteTeam "Solrød Skakklub"]
[BlackTeam "Tåstrup Skakforening"]

1. d4 d5 2. Nf3 Nf6 3. e3 c6 4. c4 e6 5. Bd3 Be7 6. O-O Nbd7 7. Qc2 Nf8 8. Re1
Ng6 9. h3 Bd7 10. Bd2 Rc8 11. Bc3 dxc4 12. Bxc4 O-O 13. Bd3 c5 14. Bxg6 hxg6
15. b3 Nd5 16. Qb2 Nf6 17. Nbd2 Nd5 18. Nb1 Nxc3 19. Nxc3 cxd4 20. exd4 Bc6 21.
Ne2 Bxf3 22. gxf3 Bf6 23. Rad1 Qd5 24. f4 g5 25. Qd2 Qf3 26. fxg5 Be7 27. Qe3
Qxe3 28. fxe3 Bxg5 29. Nc1 Rc3 30. Rd3 Rfc8 31. Rxc3 Rxc3 32. Kg2 Bxe3 33. Ne2
Rc2 34. Kf3 Bh6 35. Ra1 g6 36. a4 Rb2 37. Ra3 Bf8 38. Ra1 Rxb3+ 39. Kg4 Kg7 40.
h4 Kh6 41. Rf1 f5+ 42. Kf4 Bd6# 0-1

[Event "Koge Bugt Forar 2011"]
[Site "Solrod Skole"]
[Date "2011.04.13"]
[Round "3.7"]
[White "Larsen, Paul M"]
[Black "Sørensen, Aron Frank"]
[Result "1/2-1/2"]
[WhiteElo "1629"]
[BlackElo "1435"]
[PlyCount "74"]
[EventDate "2011.??.??"]
[WhiteTeam "Haslev Skakklub"]
[BlackTeam "Solrød Skakklub"]

1. Nf3 c5 2. c4 Nf6 3. Nc3 e6 4. d4 cxd4 5. Nxd4 b6 6. e4 d6 7. f3 a6 8. Be3
Bb7 9. Be2 Be7 10. O-O Nbd7 11. Qd2 O-O 12. Rfd1 Re8 13. Rac1 Rc8 14. b3 Qc7
15. Rc2 Qb8 16. Qe1 Bf8 17. Qf2 g6 18. Rcd2 b5 19. Ncxb5 axb5 20. Nxb5 d5 21.
Ba7 Qa8 22. Nc3 Qxa7 23. Qxa7 Bc5+ 24. Qxc5 Rxc5 25. b4 Rc7 26. c5 Nxc5 27. Nb5
Rc6 28. bxc5 Ra8 29. Nd6 Ba6 30. Bxa6 Rcxa6 31. exd5 Nxd5 32. Rc1 Rc6 33. Ne4
Ra5 34. Kf2 f5 35. Ng5 Rcxc5 36. Rxc5 Rxc5 37. Nxe6 Ra5 1/2-1/2

[Event "Koge Bugt Forar 2011"]
[Site "Solrod Skole"]
[Date "2011.04.13"]
[Round "3.8"]
[White "Trærup, Jørgen"]
[Black "Christensen, Verner"]
[Result "1/2-1/2"]
[WhiteElo "1725"]
[BlackElo "1949"]
[PlyCount "115"]
[EventDate "2011.??.??"]
[WhiteTeam "BMS Skak"]
[BlackTeam "Solrød Skakklub"]

1. d4 Nf6 2. c4 e5 3. dxe5 Ne4 4. Nf3 d6 5. Qc2 Bf5 6. Qd1 Nc6 7. a3 dxe5 8.
Qxd8+ Rxd8 9. e3 Be7 10. Be2 O-O 11. O-O Bf6 12. b4 g5 13. Rd1 g4 14. Nfd2 Nxd2
15. Bxd2 Bc2 16. Nc3 Bxd1 17. Rxd1 h5 18. Nd5 Bg5 19. Nxc7 e4 20. Kf1 Ne5 21.
Nd5 f5 22. Nf4 Rd6 23. c5 Rh6 24. Bc3 Bf6 25. Ne6 Re8 26. Nd4 Nc6 27. Nxf5 Rg6
28. Bxf6 Rxf6 29. Nd6 Re7 30. Bc4+ Kf8 31. Bd5 h4 32. Bxe4 Rxd6 33. cxd6 Rxe4
34. d7 Ke7 35. b5 Nd8 36. Rd5 g3 37. h3 gxf2 38. Kxf2 Ra4 39. Rd3 Ne6 40. g4
hxg3+ 41. Kxg3 Kd8 42. h4 Nc5 43. Rd5 Nxd7 44. h5 Re4 45. Kf3 Rh4 46. Kg3 Re4
47. Kf3 Re6 48. Kf4 Ke7 49. e4 Nf6 50. Rc5 Rxe4+ 51. Kf5 Rh4 52. Rc7+ Kd6 53.
Rxb7 Nxh5 54. Kg5 Ra4 55. Kxh5 Rxa3 56. b6 Kc6 57. Rxa7 Rxa7 58. bxa7 1/2-1/2

[Event "Koge Bugt Forar 2011"]
[Site "Solrod Skole"]
[Date "2011.05.04"]
[Round "4.1"]
[White "Nielsen, Kai Gylling"]
[Black "Orup, Kim Amdi"]
[Result "0-1"]
[WhiteElo "1881"]
[BlackElo "1821"]
[PlyCount "154"]
[EventDate "2011.??.??"]
[WhiteTeam "Roskilde Skakklub"]
[BlackTeam "Køge Skakklub"]

1. e4 e5 2. Nf3 d6 3. d4 Bg4 4. Be2 Bxf3 5. Bxf3 exd4 6. Qxd4 Nc6 7. Qa4 Qd7 8.
Nd2 Ne5 9. Qb3 Qc6 10. O-O Nf6 11. Re1 Be7 12. Nf1 h6 13. Bf4 Nfd7 14. Rac1 Bg5
15. Bxg5 hxg5 16. Ng3 g6 17. Be2 a6 18. Qe3 f6 19. b3 Kf7 20. f4 gxf4 21. Qxf4
Qc5+ 22. Kh1 Rh7 23. Rf1 Rah8 24. h3 Kg7 25. c3 Rh4 26. Qf2 Qxf2 27. Rxf2 Nc5
28. Rcf1 Nxe4 29. Nxe4 Rxe4 30. Kg1 f5 31. Bf3 Nxf3+ 32. Rxf3 Rhe8 33. Kh2 Re2
34. a4 Rb2 35. b4 Ree2 36. Rg3 Kf6 37. h4 c5 38. bxc5 dxc5 39. Rf4 b5 40. Kh3
Ke5 41. Rff3 Kf6 42. Rd3 Rbd2 43. axb5 axb5 44. Rdf3 b4 45. cxb4 cxb4 46. Rf4
Re4 47. Rff3 Rdd4 48. Kh2 Rxh4+ 49. Kg1 g5 50. Rf1 Rc4 51. Rgf3 Rhf4 52. Rxf4
Rxf4 53. Rc1 b3 54. Rc6+ Ke5 55. Rb6 Rd4 56. Rxb3 g4 57. g3 Ke4 58. Kf2 Rd2+
59. Ke1 Rd3 60. Rb4+ Ke3 61. Rf4 Ra3 62. Kd1 Kd3 63. Kc1 Ke2 64. Rxf5 Rxg3 65.
Kc2 Rf3 66. Re5+ Re3 67. Rg5 g3 68. Rg6 Kf1 69. Rf6+ Ke1 70. Rg6 Kf2 71. Kd2
Re5 72. Rf6+ Kg2 73. Rf7 Kg1 74. Rf6 g2 75. Rf4 Kh2 76. Rh4+ Kg3 77. Rh7 Rg5
0-1

[Event "Koge Bugt Forar 2011"]
[Site "Solrod Skole"]
[Date "2011.05.04"]
[Round "4.2"]
[White "Krogh, Peter Ove"]
[Black "Jensen, Tom B"]
[Result "1-0"]
[WhiteElo "1903"]
[BlackElo "1278"]
[PlyCount "58"]
[EventDate "2011.??.??"]
[WhiteTeam "Køge Skakklub"]
[BlackTeam "Tåstrup Skakforening"]

1. c4 e5 2. Nc3 Nf6 3. g3 a6 4. Bg2 Bc5 5. e3 d6 6. Nge2 Nc6 7. d4 Ba7 8. O-O
O-O 9. d5 Ne7 10. h3 Bd7 11. Kh2 Qc8 12. Qd3 Bb8 13. e4 Ne8 14. f4 Ng6 15. f5
Ne7 16. f6 Ng6 17. fxg7 Nxg7 18. Bh6 f5 19. Rf2 Ba7 20. Rff1 Rf7 21. Bxg7 Kxg7
22. b4 Ne7 23. exf5 Nxf5 24. g4 Ne3 25. Rxf7+ Kxf7 26. Qxh7+ Ke8 27. Qg8+ Ke7
28. Qg7+ Ke8 29. Be4 Kd8 1-0